[Event "Toronto Labour Day op U2000"]
[Site "Toronto"]
[Date "2008.08.31"]
[Round "4"]
[White "Khaiter, Dennis"]
[Black "Armstrong, Robert J"]
[Result "0-1"]
[WhiteElo "1704"]
[BlackElo "1839"]
[PlyCount "90"]
[EventDate "2008.08.30"]
[EventType "swiss"]
[EventRounds "6"]
[EventCountry "CAN"]
[SourceTitle "EXT 2011"]
[Source "ChessBase"]
[SourceDate "2010.11.26"]
[SourceVersion "1"]
[SourceVersionDate "2010.11.26"]
[SourceQuality "1"]

1. Nf3 g6 2. c4 Bg7 3. d4 Nf6 4. Nc3 0-0 5. e4 d6 6. Be2 Nc6 7. 0-0 e5 8. d5 Ne7 9. Ne1 Nd7 10. f3 f5 11. g4 fxg4 12. fxg4 a5 13. Nd3 b6 14. a3 Nc5 15. Rxf8+ Bxf8 16. Be3 h6 17. g5 Kh7 18. h4 Nxd3 19. Qxd3 Bd7 20. Rf1 Qe8 21. gxh6 Bxh6 22. Bxh6 Kxh6 23. Qe3+ Kh7 24. Qg5 Ng8 25. h5 Rc8 26. Kg2 c6 27. Rh1 Kg7 28. Kf2 Qf7+ 29. Ke3 Qf6 30. Qg3 g5 31. Rf1 Qf4+ 32. Qxf4 exf4+ 33. Kd4 c5+ 34. Kd3 Rf8 35. Nb5 Bxb5 36. cxb5 Nh6 37. e5 dxe5 38. Ke4 Kf6 39. Rg1 Rg8 40. d6 Nf5 41. Kd5 Rd8 42. Ke4 Ng3+ 43. Kf3 Nxe2 44. Kxe2 Rxd6 45. h6 Rd7 0-1